| 000 | 00564nam a2200181Ia 4500 | ||
|---|---|---|---|
| 999 |
_c2557 _d2557 |
||
| 003 | OSt | ||
| 005 | 20200814120229.0 | ||
| 008 | 190216s9999||||xx |||||||||||||| ||und|| | ||
| 020 | _a0080307159 | ||
| 040 | _coclc | ||
| 082 |
_a547.70459 _bHAN/T |
||
| 100 |
_aHanessian, Stephen _94133 |
||
| 245 | 0 |
_aTotal Synthesis Of Natural Products: The "Chiron" Approach / _cStephen Hanessian |
|
| 260 |
_bPergamon Press, _c1983. _aNew York: |
||
| 300 | _a291p | ||
| 650 | _aChemistry-Chemistry | ||
| 942 |
_cBK _2ddc _h547.70459 _iHAN/T _k547.70459 _mHAN/T |
||